LEADER 01317nam a2200313 a 4500 001 000000129546 003 CaOOAMICUS 005 20120705122355.0 008 120705s2011 it d u000 u ita r 020 $a978-88-244-5879-5 040 $aPUL$bita 082 04$a340 245 00$aCompendio di diritto dei mercati finanziari /$ca cura di Angelo Battagli. 250 $a3. ed. [Aggiornato alla delibera Consob n. 17731/2011 che modifica la disciplina delle OPA]. 260 $aNapoli :$bEsselibri-Simone,$c2011. 300 $a224 p. :$bgrafici ;$c21 cm. 490 1 $aVolumi di base ;$v38/1 500 $aInclude indice. 650 4$aFinanza.$0(OLS)http://pul/subject/18020 700 1 $aBattagli, Angelo.$0(OLS)http://pul/name/82908 830 0$aVolumi di base ;$v38/1.$0(OLS)http://pul/title/163704 850 $aPUL 852 $aPUL$W1$xDP2 Diritto e Scienze Sociali 3$y110$m340 COLL 3.38.1$j150035$qDDC 21$B148558$CPULBib$Z2$F148558 $H120240 $82 941 1 $a9 996 $6020$a978-88-244-5879-5$9(OLS)http://pul/number/150188 996 $6082$a340$9(OLS)http://pul/classification/419 996 $6245$aCompendio di diritto dei mercati finanziari$9(OLS)http://pul/title/163716 996 $6260$aNapoli :$bEsselibri-Simone$9(OLS)http://pul/publisher/67437 LEADER 02044namaa2200361 i 4500 001 000000177451 003 CaOOAMICUS 005 20241205171753.0 008 241205s2023 it frm z001 0 fre r 032 $aLibriCat 040 $aPUL$bita 100 1 $aNduwimana, Ferdinand,$csacerdote,$d1979-,$eautore dissertazione.$0(OLS)http://pul/name/114139 245 13$aLa vérité et la liberté à la lumière de Veritatis splendor :$bpour un discernement moral face au relativisme contemporain /$cNduwimana Ferdinand Arcidiocesis Buiumburaensis. 260 $aRoma :$b[s.n.],$c2023. 300 $a182 pagine ;$a24 cm 336 $atesto$btxt$2rdacontent 337 $asenza mediazione$bn$2rdamedia 338 $avolume$bnc$2rdacarrier 500 $aIn testa al frontespizio: Pontificia Universitas Lateranensis, Academia Alfonsiana, Institutum Superius Theologiae Moralis ad instar Facultatis 502 $aEstratto da Tesi di Dottorato--Pontificia Università Lateranense--Accademia Alfonsiana--Roma, 2023. 504 $aBibliografia: pagine [159]-177. 610 24$aPapi (1978-2005 : Iohannes Paulus PP. II).$tVeritatis splendor.$0(OLS)http://pul/subject/12931 650 4$aVerità$xAspetti religiosi.$0(OLS)http://pul/subject/33401 710 2 $aAccademia Alfonsiana. Istituto superiore di Teologia morale.$kTesi.$0(OLS)http://pul/name/81838 850 $aPUL 852 $aPUL$W1$xDP1 Tesi Acc. Alfonsiana$y28$m2023 B 24$j200573$qTesi$B206425$CPULBib$Z2$F206425 $Hnull $82 910 $aPontificia Università Lateranense. $bAccademia Alfonsiana$981838 910 $aIstituto superiore di Teologia morale. Accademia Alfonsiana$981838 910 $aAcademia Alfonsiana. Institutum superius theologiae moralis$981838 941 1 $a16 996 $6245$aLa vérité et la liberté à la lumière de Veritatis splendor :$bpour un discernement moral face au relativisme contemporain$9(OLS)http://pul/title/218968 996 $6260$aRoma :$b[s.n.]$9(OLS)http://pul/publisher/47958